Guess The KPOP Idol By Their Eyes - Statistics

General Stats
  • This quiz has been taken 425 times
  • The average score is 8 of 16
Answer Stats
Picture Answer % Correct
San
77%
Giselle
76%
Sakura
73%
Ricky
71%
Sana
63%
Haerin
60%
Sunoo
60%
Wonyoung
60%
Bahiyyih
55%
Eunwoo
55%
Jungkook
50%
Leeknow
42%
Jennie
34%
Sunwoo
25%
Jungwon
18%
Dongpyo
13%
No matching quizzes found
Score Distribution
Percent of People with Each Score
Percentile by Number Answered
Your Score History
You have not taken this quiz